Music Quiz

Random Music or Song Quiz

Bob Dylan Songs (1960s) Quiz Stats

 Plays Quiz Updated Apr 2, 2020

     
Support Sporcle.
Go Orange.
Score 0/103 Timer 15:00
0 Plays Today
Song % Correct
The Times They Are A-Changin'
89.1%
Like a Rolling Stone
84%
Blowin' in the Wind
81.6%
Highway 61 Revisited
72.4%
Rainy Day Women #12 & 35
69.7%
Mr. Tambourine Man
69.3%
Subterranean Homesick Blues
68.7%
Desolation Row
67%
All Along the Watchtower
66.4%
Girl from the North Country
65.2%
Girl from the North Country
65.2%
Lay, Lady, Lay
64.5%
Visions of Johanna
63.4%
Maggie's Farm
62.9%
Just Like a Woman
61.9%
Ballad of a Thin Man
61.4%
John Wesley Harding
61.1%
A Hard Rain's A-Gonna Fall
59.6%
Masters of War
59.6%
Sad-Eyed Lady of the Lowlands
57.6%
Bob Dylan's Dream
57.4%
It's Alright, Ma (I'm Only Bleeding)
57.4%
It's All Over Now, Baby Blue
57.2%
I Want You
57.1%
It Ain't Me, Babe
55.7%
Tombstone Blues
54.7%
Leopard-Skin Pill-Box Hat
54.5%
Queen Jane Approximately
53.6%
Don't Think Twice, It's All Right
52.7%
Stuck Inside of Mobile with the Memphis Blues Again
52.6%
Just Like Tom Thumb's Blues
50.6%
Bob Dylan's 115th Dream
50.4%
Gates of Eden
49.9%
House of the Risin' Sun
48.5%
Boots of Spanish Leather
48.4%
Song % Correct
The Lonesome Death of Hattie Carroll
48.2%
Love Minus Zero, No Limit
48.1%
It Takes a Lot to Laugh, It Takes a Train to Cry
47.3%
Song to Woody
46.8%
From a Buick 6
45.1%
My Back Pages
44.9%
She Belongs to Me
44.7%
Corrina Corrina
44.4%
Oxford Town
43.5%
Chimes of Freedom
43.4%
All I Really Want to Do
40.8%
Ballad of Hollis Brown
40.6%
With God on Our Side
39.8%
Absolutely Sweet Marie
39.3%
When the Ship Comes In
38.7%
Fourth Time Around
38.6%
Only a Pawn in Their Game
38.1%
I Shall be Free No. 10
38%
I Shall Be Free
37.9%
Talkin' World War III Blues
37.8%
To Ramona
37.7%
Bob Dylan's Blues
37.3%
Obviously Five Believers
37.3%
One of Us Must Know (Sooner or Later)
37.2%
Pledging My Time
37%
Nashville Skyline Rag
36.6%
I Dreamed I Saw St. Augustine
35.6%
The Ballad of Frankie Lee and Judas Priest
35.4%
Talkin' New York
34.8%
Temporary Like Achilles
34.7%
Spanish Harlem Incident
34%
Ballad in Plain D
34%
Motorpsycho Nitemare
33.8%
Tonight I'll Be Staying Here with You
33.6%
Outlaw Blues
33%
Song % Correct
Country Pie
32.6%
I'll Be Your Baby Tonight
31.8%
On the Road Again
30.9%
One Too Many Mornings
30.9%
Black Crow Blues
30.2%
Highway 51
30%
Restless Farewell
29.5%
I Pity the Poor Immigrant
29.3%
See that My Grave Is Kept Clean
29%
Man of Constant Sorrow
28.9%
North Country Blues
28.6%
Baby, Let Me Follow You Down
28.6%
Most Likely You Go Your Way (And I'll Go Mine)
28.4%
Dear Landlord
28.2%
I Threw it All Away
28.1%
Pretty Peggy-O
26.9%
I Don't Believe You (She Acts Like We Never Have Met)
26.8%
Peggy Day
26%
As I Went Out One Morning
25.4%
Down Along the Cove
24.9%
You're No Good
24.7%
In My Time of Dyin'
24.5%
Down the Highway
24.4%
Honey, Just Allow Me One More Chance
24.4%
Drifter's Escape
22.7%
Fixin' to Die
22.6%
Gospel Plow
21.9%
I Am a Lonesome Hobo
21.8%
Freight Train Blues
21%
One More Night
19.9%
The Wicked Messenger
19%
To Be Alone with You
18.9%
Tell Me That It Isn't True
18.2%

From the Vault

First Five: Holiday

by teedslaststand

Holiday 6m
You'll only need one hand for this one.
Remove Ads.
Support Sporcle.
Get the best of Sporcle when you Go Orange. This ad-free experience offers more features, more stats, and more fun while also helping to support Sporcle. Thank you for becoming a member.

Show Comments

Extras

Top Quizzes Today


Score Distribution

Your Account Isn't Verified!

In order to create a playlist on Sporcle, you need to verify the email address you used during registration. Go to your Sporcle Settings to finish the process.

Report this User

Report this user for behavior that violates our Community Guidelines.

Details: